<?xml version="1.0" encoding="UTF-8"?><?xml-stylesheet type="text/xsl" href="static/style.xsl"?><OAI-PMH xmlns="http://www.openarchives.org/OAI/2.0/" xmlns:xsi="http://www.w3.org/2001/XMLSchema-instance" xsi:schemaLocation="http://www.openarchives.org/OAI/2.0/ http://www.openarchives.org/OAI/2.0/OAI-PMH.xsd"><responseDate>2026-04-17T01:07:02Z</responseDate><request verb="GetRecord" identifier="oai:www.recercat.cat:2445/214715" metadataPrefix="marc">https://recercat.cat/oai/request</request><GetRecord><record><header><identifier>oai:recercat.cat:2445/214715</identifier><datestamp>2025-11-20T10:16:31Z</datestamp><setSpec>com_2072_1057</setSpec><setSpec>col_2072_478809</setSpec><setSpec>col_2072_478917</setSpec></header><metadata><record xmlns="http://www.loc.gov/MARC21/slim" xmlns:dcterms="http://purl.org/dc/terms/" xmlns:xsi="http://www.w3.org/2001/XMLSchema-instance" xmlns:doc="http://www.lyncode.com/xoai" xsi:schemaLocation="http://www.loc.gov/MARC21/slim http://www.loc.gov/standards/marcxml/schema/MARC21slim.xsd">
   <leader>00925njm 22002777a 4500</leader>
   <datafield ind2=" " ind1=" " tag="042">
      <subfield code="a">dc</subfield>
   </datafield>
   <datafield ind2=" " ind1=" " tag="720">
      <subfield code="a">Pareja Eastaway, Montserrat</subfield>
      <subfield code="e">author</subfield>
   </datafield>
   <datafield ind2=" " ind1=" " tag="720">
      <subfield code="a">Sánchez-Martínez, Teresa</subfield>
      <subfield code="e">author</subfield>
   </datafield>
   <datafield ind2=" " ind1=" " tag="260">
      <subfield code="c">2024-07-24T11:58:32Z</subfield>
   </datafield>
   <datafield ind2=" " ind1=" " tag="260">
      <subfield code="c">2024-07-24T11:58:32Z</subfield>
   </datafield>
   <datafield ind2=" " ind1=" " tag="260">
      <subfield code="c">2012</subfield>
   </datafield>
   <datafield ind2=" " ind1=" " tag="260">
      <subfield code="c">2024-07-24T11:58:37Z</subfield>
   </datafield>
   <datafield ind2=" " ind1=" " tag="520">
      <subfield code="a">La trayectoria de la política de vivienda española configura el sistema de vivienda actual mostrando su no neutralidad en cuanto a sus efectos sobre la tenencia o sobre la redistribución de riqueza. En España, la intervención en cuestiones de vivienda dista de la practicada por sus vecinos europeos debido, posiblemente, a una conceptualización distinta en lo referente a las responsabilidades asumidas por el estado del bienestar; la política de vivienda ha tendido a estimular la nueva construcción con un doble objetivo: favorecer la propiedad como forma prioritaria de tenencia y ayudar al sector inmobiliario como dinamizador del crecimiento económico. No ha sido así en Europa, donde el concepto de vivienda social, pública y accesible ha arraigado con fuerza en los esquemas de provisión de vivienda. Este artículo tiene un doble objetivo: por un lado, habiendo caracterizado el estado del bienestar en España e identificado los principales instrumentos de política de vivienda utilizados a lo largo de la historia, determinar los efectos tanto negativos como positivos que ha generado en el sistema de vivienda español la política llevada a cabo desde los años cincuenta; y, por otro lado, señalar los retos que aún quedan por cumplir, ofreciendo un posible camino alternativo para conseguirlos.</subfield>
   </datafield>
   <datafield tag="653" ind2=" " ind1=" ">
      <subfield code="a">Política de l'habitatge</subfield>
   </datafield>
   <datafield tag="653" ind2=" " ind1=" ">
      <subfield code="a">Despesa pública</subfield>
   </datafield>
   <datafield tag="653" ind2=" " ind1=" ">
      <subfield code="a">Espanya</subfield>
   </datafield>
   <datafield tag="653" ind2=" " ind1=" ">
      <subfield code="a">Housing policy</subfield>
   </datafield>
   <datafield tag="653" ind2=" " ind1=" ">
      <subfield code="a">Public expenditures</subfield>
   </datafield>
   <datafield tag="653" ind2=" " ind1=" ">
      <subfield code="a">Spain</subfield>
   </datafield>
   <datafield ind2="0" ind1="0" tag="245">
      <subfield code="a">La política de vivienda en España: lecciones aprendidas y retos de futuro</subfield>
   </datafield>
</record></metadata></record></GetRecord></OAI-PMH>